| 000 | 00581nmm a2200193Ia 4500 | ||
|---|---|---|---|
| 008 | 251105s9999||||xx |||||||||||||||||und|| | ||
| 020 | _a9788483590423 | ||
| 041 |
_aspa _acat |
||
| 100 | _aXumet Rosselló, Antoni | ||
| 245 | 0 |
_aLa voz original : _b Antología poética 1975-2005 |
|
| 264 |
_a[Madrid, España] : _bCalambur, _c2008 |
||
| 300 | _a237 páginas | ||
| 490 | _aLos solitarios y sus amigos | ||
| 650 | _aSpanish narrative | ||
| 700 | _aXumet Rosselló, Antoni | ||
| 700 | 1 | _a Serra, Jean | |
| 856 | _uhttps://public.digitaliapublishing.com/a/56047 | ||
| 942 | _cCF | ||
| 999 |
_c72681 _d72681 |
||